000
00349nam a2200133Ia 4500
008
151021s9999 xx 000 0 und d
020
_a
9966224386
050
_a
PE 1128 .G 2005
245
_a
_New Intergrated English / KIE
260
_a
Nairobi : KIE , 2005
300
_a
x,294 p.
650
_a
_English
980
_a
^d20110420 10:45:29^okilerai
999
_c
7090
_d
7090